banner-ar

SUBJECT CATALOGING MANUAL: CLASSIFICATION: FIRST EDITION / (Record no. 14816)

MARC details
000 -الفاتح
حقل البيانات ثابتة الطول 00640nam a2200193Ia 4500
008 - عناصر البيانات ثابتة الطول - معلومات عامة
حقل البيانات ثابتة الطول 140319s9999 xx 000 0 eng d
040 ## - مصدر الفهرسة
وكالة الفهرسة الأصلية GCL /
وكالة النسخ GCL
082 04 - رقم تصنيف ديوى العشرى
رقم التصنيف 025.47
رقم المادة O S
100 1# - المدخل الرئيسى - إسم شخصى
الإسم الشخصى THE OFFICE FOR SUBJECT CATALOING POLICY
245 10 - بيان العنوان
العنوان SUBJECT CATALOGING MANUAL: CLASSIFICATION: FIRST EDITION /
بيان المسئوليه,etc THE OFFICE FOR SUBJECT CATALOING POLICY
260 ## - PUBLICATION, DISTRIBUTION, ETC. (IMPRINT)
تاريخ النشر أو التوزيع 1992
300 ## - الوصف المادى
التعداد 730 P
650 04 - المدخل الاضافى بالموضوع-مصطلح موضوعى
مصطلح موضوعي CATALOGING
650 04 - المدخل الاضافى بالموضوع-مصطلح موضوعى
مصطلح موضوعي CLASSIFICATION, LIBRARY OF CONGRESS
650 04 - المدخل الاضافى بالموضوع-مصطلح موضوعى
مصطلح موضوعي CLASSIFICATION - BOOKS
650 04 - المدخل الاضافى بالموضوع-مصطلح موضوعى
مصطلح موضوعي SUBJECT CATALOGING - HAND BOOK
942 ## - عناصر المدخل الإضافي( كوها)
مصدر التصنيف او مخطط الترفيف Dewey Decimal Classification
Koha [default] item type كتاب
260 ## - PUBLICATION, DISTRIBUTION, ETC. (IMPRINT)
-- [S.N] :
-- CATALOGNG DISTRIBUTION SEVICE LIBRAY OF ،
Holdings
حالة التراجع حالة الفقد حالة تلف ليس للاعارة المكان المؤقت الموقع الحالى تاريخ الاكتساب اجمالي اﻻعارات رقم الطلب الباركود تاريخ اخر مشاهدة تاريخ تفعيل السعر نوع وعاء كوها
        مكتبة القاهرة الكبرى مكتبة القاهرة الكبرى 03/26/2014   025.47\O S 27722 03/26/2014 03/26/2014 كتاب

Powered By

EGPV